[Event "EICC 2009 "]
[Site "Budva"]
[Date "2009.03.10"]
[Round "5.138"]
[White "Wieczorek, Oskar"]
[Black "Kandic, Milojko"]
[Result "1-0"]
[WhiteElo "2265"]
[BlackElo "2075"]
[PlyCount "85"]
[EventDate "2009.03.06"]

1. e4 e6 2. d4 d5 3. Nc3 Bb4 4. e5 c5 5. a3 Bxc3+ 6. bxc3 Ne7 7. Nf3 Nbc6 8.
Be2 Qa5 9. Bd2 c4 10. Ng5 f6 11. Bh5+ Ng6 12. Nxh7 Kf7 13. Ng5+ fxg5 14. Qf3+
Ke8 15. Bxg6+ Kd8 16. Bxg5+ Kc7 17. O-O Bd7 18. Qg3 Raf8 19. f4 Kc8 20. h3 Qc7
21. Kh2 Kb8 22. Qg4 Qc8 23. Rf2 Rf5 24. Qe2 Qg8 25. g4 Rxg5 26. fxg5 Ne7 27.
Bf7 Qh7 28. Qe3 Qh4 29. Kg2 Qh7 30. Raf1 Ba4 31. Bxe6 Ng6 32. Bxd5 Bxc2 33. Rf7
Rd8 34. Rxb7+ Kc8 35. Bc6 Nh4+ 36. Kh2 Bg6 37. e6 Be8 38. Qg3 Qc2+ 39. Rf2
Qxf2+ 40. Qxf2 Bxc6 41. Rxa7 Nf3+ 42. Kg3 Rf8 43. d5 1-0

[Event "EICC 2009 "]
[Site "Budva"]
[Date "2009.03.10"]
[Round "5.112"]
[White "Lubczynski, Rafal"]
[Black "Anicic, Vuko"]
[Result "1-0"]
[WhiteElo "2423"]
[BlackElo "2212"]
[PlyCount "79"]
[EventDate "2009.03.06"]

1. d4 e6 2. c4 Nf6 3. g3 d5 4. Nf3 Bb4+ 5. Bd2 a5 6. a3 Be7 7. Bg2 O-O 8. Nc3
dxc4 9. Qa4 Nbd7 10. Qxc4 c5 11. dxc5 Bxc5 12. O-O b6 13. b4 Ba6 14. Qb3 Be7
15. Nd4 Rc8 16. Rfd1 Bc4 17. Qb2 Nd5 18. e4 Nxc3 19. Bxc3 Qc7 20. f4 Rfd8 21.
e5 Nb8 22. Rac1 Qa7 23. Be1 axb4 24. axb4 b5 25. Ra1 Qd7 26. Nf5 Qc7 27. Nxe7+
Qxe7 28. Qf2 Rxd1 29. Rxd1 Na6 30. Rd6 Nb8 31. Qb6 g6 32. Bf2 Kg7 33. Bc5 h5
34. Bb7 Nd7 35. Qa5 Rxc5 36. bxc5 Nxc5 37. Bc6 h4 38. Qb6 Na4 39. Qb8 f6 40.
Rd7 1-0

[Event "EICC 2009 "]
[Site "Budva"]
[Date "2009.03.10"]
[Round "5.100"]
[White "Leniart, Arkadiusz"]
[Black "Can, Emre"]
[Result "1-0"]
[WhiteElo "2360"]
[BlackElo "2471"]
[PlyCount "109"]
[EventDate "2009.03.06"]

1. e4 c5 2. Nf3 d6 3. d4 cxd4 4. Nxd4 Nf6 5. Nc3 g6 6. Be3 Bg7 7. f3 a6 8. Qd2
b5 9. a4 bxa4 10. Rxa4 O-O 11. Be2 Bb7 12. O-O Nfd7 13. Rfa1 Nb6 14. R4a3 Qc7
15. Na4 Nxa4 16. Rxa4 Rc8 17. Rc4 Qd7 18. Ra3 Nc6 19. Nxc6 Rxc6 20. Bd4 Rac8
21. Rxc6 Rxc6 22. Bxg7 Kxg7 23. Rb3 Rc5 24. c3 Qc7 25. Qd4+ f6 26. Qb4 Bc8 27.
Qb6 Qd7 28. Rb4 Rc6 29. Qb8 Qe6 30. Qa7 Kf7 31. Bd1 Qe5 32. Ba4 Rc5 33. Bb3+
Kg7 34. g3 Rb5 35. Rxb5 axb5 36. Bd5 f5 37. f4 Qf6 38. Qb8 Bd7 39. e5 dxe5 40.
fxe5 Qf8 41. Qxf8+ Kxf8 42. Kf2 g5 43. Ke3 Kg7 44. Kd4 Kg6 45. e6 Bc8 46. Ke5
f4 47. Be4+ Kh6 48. Bd3 fxg3 49. hxg3 Kh5 50. Be2+ g4 51. Bxb5 Kg5 52. Bc6 Ba6
53. b4 Be2 54. b5 Bf3 55. Be4 1-0

[Event "EICC 2009 "]
[Site "Budva"]
[Date "2009.03.10"]
[Round "5.54"]
[White "Damljanovic, Branko"]
[Black "Swiercz, Dariusz"]
[Result "1-0"]
[WhiteElo "2587"]
[BlackElo "2472"]
[PlyCount "125"]
[EventDate "2009.03.06"]

1. c4 f5 2. Nf3 Nf6 3. g3 g6 4. b3 Bg7 5. Bb2 d6 6. d4 O-O 7. Bg2 Ne4 8. Qc1 e6
9. Nc3 Nxc3 10. Bxc3 Qe7 11. Qb2 Nc6 12. d5 Nd8 13. Bxg7 Qxg7 14. Qxg7+ Kxg7
15. Rc1 Bd7 16. O-O b6 17. e4 e5 18. exf5 Bxf5 19. Rfe1 a5 20. Rc3 Nb7 21. Nd2
Nc5 22. Bf1 g5 23. Ree3 Rf7 24. a3 Bg6 25. Be2 Raf8 26. f3 Ra8 27. Bd1 h5 28.
Kg2 Kh6 29. Bc2 g4 30. Bxg6 Kxg6 31. h3 gxh3+ 32. Kxh3 h4 33. g4 Rh7 34. Re2
Rf8 35. b4 axb4 36. axb4 Nd7 37. Ra3 Nf6 38. f4 exf4 39. Nf3 Nd7 40. Ra1 Rff7
41. Re6+ Rf6 42. Rae1 Nf8 43. Re8 Rff7 44. c5 bxc5 45. bxc5 dxc5 46. Ne5+ Kf6
47. Re4 Kg5 48. Nxf7+ Rxf7 49. R4e5+ Kg6 50. Rf5 Kg7 51. Kxh4 Ng6+ 52. Kh3 Rd7
53. Re1 Ne7 54. Rxf4 Nxd5 55. Rc4 Kg6 56. Rxc5 Nf4+ 57. Kg3 Nd3 58. Rc6+ Kg7
59. Rd1 Rd4 60. Rxc7+ Kg6 61. Rd2 Kg5 62. Rc5+ Kg6 63. Rc3 1-0

[Event "EICC 2009 "]
[Site "Budva"]
[Date "2009.03.11"]
[Round "6.69"]
[White "Swiercz, Dariusz"]
[Black "Savchenko, Boris"]
[Result "1-0"]
[WhiteElo "2472"]
[BlackElo "2654"]
[PlyCount "67"]
[EventDate "2009.03.06"]

1. e4 d5 2. exd5 Nf6 3. d4 Nxd5 4. Nf3 g6 5. c4 Nb6 6. a4 Bg7 7. a5 N6d7 8. Nc3
O-O 9. Be2 Nc6 10. d5 Nb4 11. O-O Nc5 12. Be3 b6 13. Nd4 Bd7 14. Nb3 Nba6 15.
Bf3 Rb8 16. axb6 axb6 17. Nxc5 Nxc5 18. Ra7 Bf5 19. Nb5 Bxb2 20. Bg5 Rb7 21.
Ra2 Be5 22. Re1 Bd6 23. Bh6 Re8 24. Qd4 f6 25. Rae2 Nd7 26. g4 Ne5 27. Rxe5
Bxe5 28. Rxe5 Bc8 29. Re3 Rb8 30. Bf4 Rb7 31. Bg3 Bd7 32. d6 c6 33. dxe7 Rxe7
34. Bxc6 1-0

[Event "EICC 2009 "]
[Site "Budva"]
[Date "2009.03.11"]
[Round "6.112"]
[White "Jakovljevic, Vlado"]
[Black "Wieczorek, Oskar"]
[Result "1/2-1/2"]
[WhiteElo "2420"]
[BlackElo "2265"]
[PlyCount "83"]
[EventDate "2009.03.06"]

1. Nf3 Nf6 2. c4 g6 3. d4 Bg7 4. g3 c6 5. Bg2 O-O 6. O-O d5 7. Qb3 dxc4 8. Qxc4
Bf5 9. Nc3 Nbd7 10. Rd1 Bc2 11. Re1 Nb6 12. Qc5 Ne4 13. Nxe4 Bxe4 14. e3 Qd5
15. Qxd5 cxd5 16. b3 Rfc8 17. Ba3 e6 18. Rec1 Rxc1+ 19. Rxc1 Rc8 20. Rxc8+ Nxc8
21. Nd2 Bxg2 22. Kxg2 Bf8 23. Bxf8 Kxf8 24. g4 h6 25. Nb1 Nd6 26. f3 Ke7 27.
Nc3 g5 28. Kf2 f5 29. h3 Kf6 30. Kg3 Kg6 31. Na4 b6 32. Nc3 Kf6 33. a4 Kg6 34.
Nb5 Nxb5 35. axb5 Kf6 36. f4 Kg6 37. Kf3 Kf6 38. Kf2 Kf7 39. Kg2 Kg7 40. Kh2
Kh7 41. Kg3 Kg6 42. Kf3 1/2-1/2

[Event "EICC 2009 "]
[Site "Budva"]
[Date "2009.03.11"]
[Round "6.9"]
[White "Grachev, Boris"]
[Black "Bartel, Mateusz"]
[Result "1/2-1/2"]
[WhiteElo "2655"]
[BlackElo "2594"]
[PlyCount "36"]
[EventDate "2009.03.06"]

1. d4 Nf6 2. Nf3 e6 3. c4 b6 4. g3 Ba6 5. Qc2 Bb4+ 6. Nbd2 Bb7 7. Bg2 Be4 8.
Qd1 O-O 9. O-O Bxd2 10. Qxd2 a5 11. b3 d6 12. Bb2 Nbd7 13. Qc3 a4 14. Rac1 Qb8
15. Bh3 b5 16. Nd2 axb3 17. axb3 bxc4 18. bxc4 Ra2 1/2-1/2

[Event "EICC 2009 "]
[Site "Budva"]
[Date "2009.03.12"]
[Round "7.110"]
[White "Wieczorek, Oskar"]
[Black "Valeanu, Eduard-Andrei"]
[Result "0-1"]
[WhiteElo "2265"]
[BlackElo "2432"]
[PlyCount "108"]
[EventDate "2009.03.06"]

1. e4 c5 2. Nf3 Nc6 3. d4 cxd4 4. Nxd4 g6 5. c4 Nf6 6. Nc3 d6 7. Be2 Nxd4 8.
Qxd4 Bg7 9. Be3 O-O 10. Qd2 a5 11. O-O a4 12. f3 Be6 13. Rac1 Qa5 14. Nd5 Qxd2
15. Nxe7+ Kh8 16. Bxd2 Rfe8 17. Nd5 Nxd5 18. cxd5 Bxd5 19. Bb5 Re5 20. Bf4 Bxa2
21. Bxe5 Bxe5 22. Rc2 Bb3 23. Re2 Ra5 24. Bd3 Rc5 25. g3 b5 26. f4 Bd4+ 27. Kg2
b4 28. Rb1 Kg7 29. h3 Kf6 30. Rd2 Ke7 31. Kf3 Bf6 32. h4 Be6 33. f5 Ba2 34. Rh1
Bb3 35. Rb1 Be5 36. g4 h6 37. g5 h5 38. Re2 a3 39. Ke3 Ba2 40. Ra1 b3 41. Rf1
Bxb2 42. fxg6 fxg6 43. Ref2 Bc1+ 44. Kd4 b2 45. Rf8 b1=Q 46. Bxb1 Bb2+ 47. Ke3
Bxb1 48. R1f7+ Ke6 49. Ra7 Rc3+ 50. Kd2 Rd3+ 51. Ke2 Ke5 52. Ra4 Rd4 53. Re8+
Kf4 54. Rxd4 Bxd4 0-1

[Event "EICC 2009 "]
[Site "Budva"]
[Date "2009.03.12"]
[Round "7.61"]
[White "Perunovic, Milos"]
[Black "Swiercz, Dariusz"]
[Result "1-0"]
[WhiteElo "2568"]
[BlackElo "2472"]
[PlyCount "151"]
[EventDate "2009.03.06"]

1. e4 c5 2. Nf3 d6 3. d4 cxd4 4. Nxd4 Nf6 5. Nc3 a6 6. a4 e5 7. Nf3 Qc7 8. Bg5
Nbd7 9. Nd2 Be7 10. Bc4 h6 11. Bh4 Nb6 12. Bb3 Bg4 13. f3 Be6 14. Bf2 O-O 15.
a5 Nbd7 16. Nf1 Nc5 17. Ne3 Nxb3 18. cxb3 Rac8 19. O-O Qd7 20. Ra4 Rfd8 21. Nc4
Qe8 22. Nb6 Rc6 23. Re1 Nd7 24. Nbd5 Rb8 25. b4 Bd8 26. b5 axb5 27. Nxb5 Bxd5
28. Qxd5 Nf6 29. Qd3 Ra8 30. b4 Qe6 31. Raa1 d5 32. exd5 Qxd5 33. Qxd5 Nxd5 34.
Rab1 Bf6 35. Red1 Rd8 36. Bc5 Nf4 37. Na7 Re6 38. Rxd8+ Bxd8 39. Rd1 Bg5 40. g3
Ne2+ 41. Kf2 Nc3 42. Rd3 Na4 43. Be3 Nb2 44. Rd7 Re7 45. Rd8+ Kh7 46. Bc5 Rc7
47. Rd5 Be7 48. Bxe7 Rxe7 49. Nc8 Rc7 50. Nd6 Rc2+ 51. Ke3 Rc3+ 52. Kd2 Rxf3
53. Kc2 Na4 54. Rd3 Rf2+ 55. Kb3 Nb2 56. Rd5 f5 57. Nxb7 e4 58. a6 e3 59. a7
Nd3 60. Rxd3 e2 61. Re3 Rf3 62. Rxf3 e1=Q 63. a8=Q Qd1+ 64. Kc4 Qxf3 65. Qb8
Qe2+ 66. Kc5 Qe3+ 67. Kb5 Qd3+ 68. Ka4 Qd1+ 69. Ka5 Qa1+ 70. Kb5 Qf1+ 71. Kb6
Qf2+ 72. Nc5 Qd4 73. Qf4 Qd8+ 74. Qc7 Qf6+ 75. Qc6 Qd8+ 76. Ka6 1-0

[Event "EICC 2009 "]
[Site "Budva"]
[Date "2009.03.12"]
[Round "7.69"]
[White "Martinovic, Sasa"]
[Black "Macieja, Bartlomiej"]
[Result "0-1"]
[WhiteElo "2427"]
[BlackElo "2607"]
[PlyCount "137"]
[EventDate "2009.03.06"]

1. d4 Nf6 2. c4 e6 3. Nc3 Bb4 4. g3 c5 5. Nf3 Nc6 6. Bg2 Ne4 7. Bd2 Nxd2 8.
Qxd2 cxd4 9. Nxd4 Qb6 10. Nxc6 bxc6 11. a3 Be7 12. b4 d5 13. b5 cxb5 14. cxd5
Rb8 15. O-O O-O 16. dxe6 fxe6 17. e3 a5 18. Rab1 Ba6 19. Qa2 Rfc8 20. Rfc1 b4
21. axb4 axb4 22. Ne2 b3 23. Rxc8+ Bxc8 24. Qb2 Bf6 25. Nd4 Ba6 26. Be4 Bxd4
27. exd4 Bc4 28. Qc3 Qb4 29. Qxb4 Rxb4 30. Rb2 Ra4 31. Kg2 Ra2 32. Rb1 Rd2 33.
Kf3 Rxd4 34. Ke3 Rd8 35. Rc1 Bd5 36. Bxd5 exd5 37. Kd4 Rf8 38. f4 Rb8 39. Kxd5
Kf7 40. Rb1 b2 41. Kc4 Ke6 42. g4 Kd6 43. h3 h6 44. Rd1+ Kc7 45. Rb1 Kd6 46.
Rd1+ Kc7 47. Rb1 Kc6 48. Kd4 Rb3 49. Ke5 Kd7 50. Kd5 Ke7 51. Ke5 Kf7 52. Ke4
Kf6 53. Kd4 Rb4+ 54. Kd5 g6 55. Kd6 Rd4+ 56. Kc5 Rxf4 57. Rxb2 Kg5 58. Rb3 Re4
59. Kd5 Re8 60. Kd4 Kh4 61. Rb6 Rg8 62. Rb3 g5 63. Ke5 Rf8 64. Ra3 Rf1 65. Rb3
Rh1 66. Kf5 Rxh3 67. Rb6 Rf3+ 68. Ke4 Kxg4 69. Rxh6 0-1

[Event "EICC 2009 "]
[Site "Budva"]
[Date "2009.03.12"]
[Round "7.89"]
[White "Leniart, Arkadiusz"]
[Black "Szabo, Krisztian"]
[Result "0-1"]
[WhiteElo "2360"]
[BlackElo "2508"]
[PlyCount "72"]
[EventDate "2009.03.06"]

1. e4 e5 2. Nf3 Nc6 3. Bc4 Bc5 4. b4 Bxb4 5. c3 Ba5 6. d4 d6 7. O-O Bb6 8. dxe5
dxe5 9. Qb3 Qf6 10. Bg5 Qg6 11. Bd5 f6 12. Bxg8 Na5 13. Qc2 Rxg8 14. c4 fxg5
15. c5 Nc6 16. cxb6 g4 17. Nh4 Qf6 18. Nf5 Bxf5 19. exf5 axb6 20. Rd1 Rf8 21.
Nc3 Qxf5 22. Qe2 Rf7 23. Nd5 h5 24. Ne3 Qf6 25. Nd5 Qf5 26. Ne3 Qe6 27. Qd3 Kf8
28. Qh7 Qh6 29. Qe4 Kg8 30. Nd5 Raf8 31. Rf1 Qe6 32. Rac1 Rd7 33. Rfd1 Rfd8 34.
Ne3 Rxd1+ 35. Rxd1 Rxd1+ 36. Nxd1 Qxa2 0-1

[Event "EICC 2009 "]
[Site "Budva"]
[Date "2009.03.12"]
[Round "7.7"]
[White "Bartel, Mateusz"]
[Black "Areshchenko, Alexander"]
[Result "1/2-1/2"]
[WhiteElo "2594"]
[BlackElo "2673"]
[PlyCount "88"]
[EventDate "2009.03.06"]

1. e4 c5 2. Nf3 d6 3. d4 cxd4 4. Nxd4 Nf6 5. Nc3 a6 6. Be3 e5 7. Nb3 Be7 8. Qd2
Be6 9. f4 b5 10. f5 Bc4 11. O-O-O Nbd7 12. Kb1 Rc8 13. Bd3 Qc7 14. g4 b4 15.
Nd5 Nxd5 16. exd5 Bxd5 17. Rhf1 a5 18. Ba6 Ra8 19. Qxd5 Rxa6 20. g5 a4 21. Nd2
Ra5 22. Qc4 Qb7 23. f6 gxf6 24. gxf6 Bf8 25. Bh6 d5 26. Qh4 Bxh6 27. Qxh6 a3
28. Nf3 d4 29. Qg7 Rf8 30. Rde1 Qd5 31. Nxe5 Nxe5 32. Rf5 Qe6 33. Qg5 h6 34.
Qf4 Rg8 35. Rfxe5 Rxe5 36. Qxe5 Qxe5 37. Rxe5+ Kf8 38. bxa3 bxa3 39. Kc1 Rg1+
40. Kd2 Rf1 41. Ra5 Rxf6 42. Rxa3 Rf2+ 43. Kc1 Rxh2 44. Rd3 h5 1/2-1/2

[Event "EICC 2009 "]
[Site "Budva"]
[Date "2009.03.14"]
[Round "8.10"]
[White "Timofeev, Artyom"]
[Black "Bartel, Mateusz"]
[Result "1/2-1/2"]
[WhiteElo "2671"]
[BlackElo "2594"]
[PlyCount "157"]
[EventDate "2009.03.06"]

1. c4 e5 2. Nc3 Nc6 3. g3 g6 4. Bg2 Bg7 5. e3 d6 6. Nge2 h5 7. d4 h4 8. d5 Nce7
9. e4 f5 10. Bg5 Bf6 11. gxh4 Bd7 12. Qd3 Nc8 13. f4 exf4 14. O-O Bxg5 15. hxg5
Qxg5 16. Nxf4 Nce7 17. Nb5 O-O-O 18. Qd4 Qh4 19. h3 Bxb5 20. cxb5 Kb8 21. Ne6
Rd7 22. Rae1 Nf6 23. exf5 Qxd4+ 24. Nxd4 gxf5 25. Nc6+ bxc6 26. dxc6 Nxc6 27.
bxc6 Rg7 28. Rxf5 Rhg8 29. Re2 Ne4 30. Kh2 Nc5 31. Bd5 Rh8 32. Re3 a5 33. b4
axb4 34. Rf4 Kc8 35. Rxb4 Rgh7 36. Bg8 Rxg8 37. Ra3 Kd8 38. Rb8+ Ke7 39. Rxg8
d5 40. Rg6 d4 41. Rag3 Ne6 42. a4 Rh5 43. Ra3 Ra5 44. Ra1 d3 45. Re1 Kf7 46.
Rg3 Rd5 47. Rf3+ Ke7 48. Rfe3 d2 49. Rd1 Kd6 50. Re2 Nd4 51. Rf2 Kxc6 52. Kg2
Nb3 53. Rf3 Nc5 54. Ra3 Kb6 55. a5+ Ka6 56. Kf3 Rh5 57. Ke2 Ne4 58. Re3 Rh4 59.
Rg1 Kxa5 60. Rb1 Ka4 61. Kd1 Nd6 62. Rg3 Ne4 63. Re3 Nd6 64. Rf3 Nc4 65. Rf8
Nb6 66. Rf3 Nc4 67. Rf8 Nb6 68. Ra1+ Kb5 69. Ra3 Nc4 70. Rb3+ Kc5 71. Rf5+ Kd4
72. Rg5 Rf4 73. Rg4 Ne3+ 74. Rxe3 Kxe3 75. Rxf4 Kxf4 76. Kxd2 Kg3 77. Kc3 Kxh3
78. Kc4 c5 79. Kxc5 1/2-1/2

[Event "EICC 2009 "]
[Site "Budva"]
[Date "2009.03.14"]
[Round "8.120"]
[White "Rukavina, Josip"]
[Black "Wieczorek, Oskar"]
[Result "1/2-1/2"]
[WhiteElo "2417"]
[BlackElo "2265"]
[PlyCount "102"]
[EventDate "2009.03.06"]

1. c4 e5 2. g3 Nf6 3. Bg2 c6 4. d4 exd4 5. Qxd4 d5 6. Nf3 Be7 7. cxd5 cxd5 8.
O-O Nc6 9. Qa4 O-O 10. Be3 Ng4 11. Bd4 Nxd4 12. Nxd4 Ne5 13. Nc3 Be6 14. Rad1
Nc4 15. Qb3 Na5 16. Qa4 Nc4 17. Qc2 Nb6 18. e4 Bg4 19. Bf3 Bh3 20. Rfe1 Rc8 21.
Nde2 Bd6 22. exd5 Qf6 23. Bg2 Bg4 24. h3 Bh5 25. Rc1 Bg6 26. Be4 Bxe4 27. Qxe4
Nc4 28. Nd4 Nd2 29. Qe2 Qxd4 30. Red1 Bxg3 31. Rxd2 Qb6 32. Rcd1 Bf4 33. Rd4
Rfe8 34. Re4 Qg6+ 35. Qg4 Qxg4+ 36. hxg4 Rxe4 37. Nxe4 Rc1 38. Rxc1 Bxc1 39. b3
Kf8 40. Nd6 Ke7 41. Nxb7 Kd7 42. Kf1 Kc7 43. Na5 Kd6 44. Nc6 Kxd5 45. Nxa7 Kc5
46. Ke2 Ba3 47. b4+ Bxb4 48. a4 Kb6 49. Nb5 Ka5 50. Nd4 Kxa4 51. Nc6 Kb5
1/2-1/2

[Event "EICC 2009 "]
[Site "Budva"]
[Date "2009.03.14"]
[Round "8.52"]
[White "Macieja, Bartlomiej"]
[Black "Cebalo, Miso"]
[Result "1-0"]
[WhiteElo "2607"]
[BlackElo "2509"]
[PlyCount "56"]
[EventDate "2009.03.06"]

1. e4 e6 2. d4 d5 3. Nc3 Bb4 4. e5 c5 5. a3 Bxc3+ 6. bxc3 Qa5 7. Bd2 Qa4 8. h4
Nc6 9. h5 h6 10. Nf3 c4 11. Nh4 Nge7 12. g4 Bd7 13. f4 O-O-O 14. Bh3 g6 15.
hxg6 fxg6 16. Be3 Kc7 17. Kd2 h5 18. Qg1 Rdg8 19. Nf3 hxg4 20. Bxg4 Nf5 21. Bf2
Nce7 22. Rxh8 Rxh8 23. Bxf5 Nxf5 24. Qxg6 Rh3 25. Ng5 Rh2 26. Rf1 Nxd4 27. cxd4
c3+ 28. Ke3 a6 1-0

[Event "EICC 2009 "]
[Site "Budva"]
[Date "2009.03.14"]
[Round "8.30"]
[White "Drasko, Milan"]
[Black "Lubczynski, Rafal"]
[Result "1-0"]
[WhiteElo "2533"]
[BlackElo "2423"]
[PlyCount "85"]
[EventDate "2009.03.06"]

1. Nf3 Nf6 2. g3 b5 3. Bg2 Bb7 4. O-O e6 5. d3 d5 6. c4 a6 7. b3 c5 8. Bb2 Qb6
9. cxd5 exd5 10. a4 Be7 11. axb5 axb5 12. Rxa8 Bxa8 13. Nh4 g6 14. e4 O-O 15.
e5 Ne8 16. f4 f5 17. d4 c4 18. bxc4 bxc4 19. Ba3 Bxa3 20. Nxa3 Nc7 21. Nc2 Nc6
22. g4 fxg4 23. Rf2 Ne7 24. Qxg4 Qb1+ 25. Bf1 Bc6 26. f5 Bd7 27. Ne3 Kh8 28. e6
Bc8 29. Qg3 Qe4 30. Rf4 Qb1 31. fxg6 Rg8 32. Rf8 Nxg6 33. Rxg8+ Kxg8 34. Qxc7
Bxe6 35. Nxg6 Qe4 36. Qe5 Qxg6+ 37. Qg3 Kf7 38. Qxg6+ hxg6 39. Bg2 c3 40. Kf2
Kf6 41. Ke2 Kg5 42. Kd3 Kf4 43. Nxd5+ 1-0

[Event "EICC 2009 "]
[Site "Budva"]
[Date "2009.03.15"]
[Round "9.98"]
[White "Schmidt, Raul"]
[Black "Swiercz, Dariusz"]
[Result "1/2-1/2"]
[WhiteElo "2382"]
[BlackElo "2472"]
[PlyCount "115"]
[EventDate "2009.03.06"]

1. Nf3 g6 2. c4 Bg7 3. Nc3 d6 4. d4 Bg4 5. Qb3 Qc8 6. Be3 Nf6 7. h3 Bxf3 8.
exf3 O-O 9. Be2 e5 10. dxe5 dxe5 11. f4 exf4 12. Bxf4 Nc6 13. Rd1 Re8 14. O-O
Ne4 15. Nb5 Nc5 16. Qc2 Ne6 17. Be3 a6 18. Nc3 Ncd4 19. Qc1 c6 20. Bd3 Qc7 21.
Rfe1 Rad8 22. Ne2 Re7 23. Nxd4 Bxd4 24. Bxd4 Rxd4 25. Bf1 Red7 26. Rxd4 Rxd4
27. Rd1 Qd6 28. Rxd4 Qxd4 29. b4 h5 30. Qe3 a5 31. Qxd4 Nxd4 32. bxa5 Ne6 33.
g3 Kf8 34. Kg2 Ke7 35. Kf3 Kd6 36. Ke3 Kc5 37. Ke4 f6 38. f4 Nd8 39. h4 Nf7 40.
f5 Nd6+ 41. Kf4 Nxf5 42. Bd3 Ne7 43. g4 hxg4 44. Kxg4 Kb4 45. Bxg6 Nxg6 46. h5
Nh8 47. Kf5 Kxa5 48. Kxf6 c5 49. a4 Kxa4 50. Kg7 b5 51. cxb5 Kxb5 52. Kxh8 c4
53. h6 c3 54. h7 c2 55. Kg7 c1=Q 56. h8=Q Qc3+ 57. Kg8 Qxh8+ 58. Kxh8 1/2-1/2

[Event "EICC 2009 "]
[Site "Budva"]
[Date "2009.03.15"]
[Round "9.35"]
[White "Popov, Valerij"]
[Black "Macieja, Bartlomiej"]
[Result "1/2-1/2"]
[WhiteElo "2561"]
[BlackElo "2607"]
[PlyCount "134"]
[EventDate "2009.03.06"]

1. e4 c5 2. Ne2 Nc6 3. d4 cxd4 4. Nxd4 Qc7 5. Nc3 e6 6. Be3 a6 7. Qd2 Nf6 8.
O-O-O Be7 9. f3 h5 10. Qf2 d6 11. h3 h4 12. f4 Bd7 13. Nxc6 bxc6 14. Bd3 c5 15.
e5 dxe5 16. fxe5 Qxe5 17. Bf4 Qh5 18. Rhe1 c4 19. Re5 Qxd1+ 20. Kxd1 cxd3 21.
cxd3 Bc6 22. Rg5 Nh5 23. Qb6 Bd7 24. Qb7 Rd8 25. Be3 Bxg5 26. Bxg5 f6 27. Bxh4
Nf4 28. Bg3 e5 29. Bxf4 exf4 30. Qe4+ Kf7 31. Qxf4 Be6 32. Kc2 Rh5 33. d4 Rf5
34. Qe3 Re8 35. Qd2 Rc8 36. b3 Rd5 37. Kb2 Rd7 38. d5 Bxd5 39. Nxd5 Rc5 40. Qe2
Rdxd5 41. Qxa6 Rd2+ 42. Ka3 Rcc2 43. Qb7+ Kg8 44. Kb4 Rd4+ 45. Kb5 Rxa2 46.
Qc8+ Kh7 47. Qf5+ Kh8 48. Qh5+ Kg8 49. Qe8+ Kh7 50. Qh5+ Kg8 51. Qc5 Rad2 52.
Kc6 Re4 53. Kc7 Rd3 54. Qa3 Kh7 55. Qc5 Kg8 56. Qc2 Ree3 57. Qc4+ Kh8 58. Qh4+
Kg8 59. b4 Rc3+ 60. Kb6 Re6+ 61. Kb5 Rc8 62. Qf4 Re5+ 63. Ka4 Ra8+ 64. Kb3 Rb8
65. Qc4+ Kf8 66. Ka4 Ra8+ 67. Kb3 Rb8 1/2-1/2

[Event "EICC 2009 "]
[Site "Budva"]
[Date "2009.03.15"]
[Round "9.111"]
[White "Lubczynski, Rafal"]
[Black "Elkin, Leonid"]
[Result "1-0"]
[WhiteElo "2423"]
[BlackElo "2191"]
[PlyCount "75"]
[EventDate "2009.03.06"]

1. d4 Nf6 2. c4 g6 3. Nc3 Bg7 4. g3 O-O 5. Bg2 d6 6. Nf3 Nc6 7. O-O a6 8. b3
Rb8 9. Bb2 b5 10. cxb5 axb5 11. Rc1 b4 12. Na4 Na5 13. Qc2 Ba6 14. Rfe1 c6 15.
e4 Nd7 16. Qd2 Qc7 17. e5 Rfd8 18. e6 fxe6 19. Ng5 Nf8 20. Qf4 Bf6 21. Ne4 Bg7
22. Nac5 Qa7 23. Nxa6 Qxa6 24. Ng5 Bf6 25. Nxe6 Nxe6 26. Rxe6 Rf8 27. Qd2 Qa7
28. h4 Nb7 29. h5 Nd8 30. Re2 d5 31. hxg6 hxg6 32. Qh6 Kf7 33. Rxc6 e6 34. Bxd5
exd5 35. Qh7+ Bg7 36. Rxg6 Rg8 37. Rxg7+ Rxg7 38. Qf5+ 1-0

[Event "EICC 2009 "]
[Site "Budva"]
[Date "2009.03.16"]
[Round "10.99"]
[White "Swiercz, Dariusz"]
[Black "Tomic, Bosko"]
[Result "1/2-1/2"]
[WhiteElo "2472"]
[BlackElo "2384"]
[PlyCount "106"]
[EventDate "2009.03.06"]

1. e4 c5 2. Nf3 Nc6 3. d4 cxd4 4. Nxd4 g6 5. c4 Bg7 6. Be3 Nf6 7. Nc3 O-O 8.
Be2 d6 9. O-O Bd7 10. f3 a5 11. Ndb5 Ne5 12. Rc1 Bc6 13. b3 Ned7 14. Qd2 Ne8
15. Rfd1 Nc7 16. a3 Bxb5 17. cxb5 Nc5 18. Bc4 N7e6 19. Qc2 Rc8 20. b4 axb4 21.
axb4 Nd7 22. Qb3 Nc7 23. Na4 Na8 24. Bd5 Rxc1 25. Rxc1 Qb8 26. Qc2 e6 27. Bb3
Re8 28. Qd2 Bf8 29. b6 Rc8 30. Rd1 Re8 31. Bc4 Ne5 32. Bb5 Rc8 33. Qe2 Nc6 34.
Bxc6 Rxc6 35. b5 Rc8 36. Bf4 Be7 37. Qd3 Rd8 38. Qc3 Rc8 39. Qb3 Rd8 40. Qb2
Qc8 41. Bh6 f6 42. Be3 Kf7 43. Qb3 d5 44. exd5 exd5 45. Rc1 Qe6 46. Bd4 Rc8 47.
Rd1 Rc4 48. Bf2 Rb4 49. Qa2 d4 50. Qc2 Rc4 51. Qb3 Rb4 52. Qc2 Rc4 53. Qa2 Rb4
1/2-1/2

[Event "EICC 2009 "]
[Site "Budva"]
[Date "2009.03.16"]
[Round "10.89"]
[White "Pap, Misa"]
[Black "Leniart, Arkadiusz"]
[Result "0-1"]
[WhiteElo "2469"]
[BlackElo "2360"]
[PlyCount "82"]
[EventDate "2009.03.06"]

1. e4 c5 2. c3 d5 3. exd5 Qxd5 4. d4 Nc6 5. Nf3 Bg4 6. Be2 cxd4 7. cxd4 e6 8.
O-O Nf6 9. h3 Bh5 10. Nc3 Qa5 11. Be3 Bd6 12. a3 O-O 13. b4 Qd8 14. Qb3 Rc8 15.
Rfd1 Ne7 16. Bg5 Nfd5 17. Nxd5 exd5 18. Bxe7 Bxe7 19. Rac1 Qd6 20. Rc5 Qe6 21.
Rxd5 Bg6 22. Bd3 Bxd3 23. Rxd3 Bd6 24. Ne5 Rc1+ 25. Kh2 Rd8 26. f4 g6 27. Rb5
Qxb3 28. Rxb3 b6 29. a4 Bc7 30. Nd3 Rc4 31. a5 Rcxd4 32. axb6 Bxb6 33. Ne5 Rxf4
34. Rd3 Rxd3 35. Nxd3 Rd4 36. Ne5 f6 37. Nf3 Rd6 38. g3 a6 39. Rc5 Bxc5 40.
bxc5 Rc6 41. Nd4 Rxc5 0-1

[Event "EICC 2009 "]
[Site "Budva"]
[Date "2009.03.16"]
[Round "10.117"]
[White "Nestorovic, Nikola"]
[Black "Wieczorek, Oskar"]
[Result "1-0"]
[WhiteElo "2415"]
[BlackElo "2265"]
[PlyCount "91"]
[EventDate "2009.03.06"]

1. e4 e5 2. Nf3 Nf6 3. Nxe5 d6 4. Nf3 Nxe4 5. Nc3 Nxc3 6. dxc3 Be7 7. Bf4 O-O
8. Qd2 Nd7 9. O-O-O Nc5 10. Be3 Re8 11. Bc4 Be6 12. Bxe6 Nxe6 13. h4 Qd7 14.
Kb1 Qb5 15. g4 Bf8 16. Ng5 Rad8 17. b3 d5 18. Nxe6 fxe6 19. h5 e5 20. h6 g6 21.
c4 dxc4 22. Qxd8 Rxd8 23. Rxd8 Kf7 24. Rhd1 cxb3 25. axb3 a5 26. R1d7+ Ke6 27.
Rxh7 Bd6 28. Rhd7 Qf1+ 29. Bc1 a4 30. bxa4 Qc4 31. h7 Qxa4 32. Rxd6+ cxd6 33.
h8=Q Qb4+ 34. Bb2 Qe1+ 35. Ka2 Qa5+ 36. Ba3 Qd5+ 37. Ka1 Qd1+ 38. Kb2 Qd4+ 39.
c3 Qd2+ 40. Kb3 Qd5+ 41. c4 Qd1+ 42. Kb4 Qb1+ 43. Ka5 Qe1+ 44. Kb6 Qxf2+ 45.
Kc7 Qf7+ 46. Kb8 1-0

[Event "EICC 2009 "]
[Site "Budva"]
[Date "2009.03.16"]
[Round "10.40"]
[White "Macieja, Bartlomiej"]
[Black "Lenic, Luka"]
[Result "0-1"]
[WhiteElo "2607"]
[BlackElo "2547"]
[PlyCount "96"]
[EventDate "2009.03.06"]

1. d4 Nf6 2. c4 e6 3. Nf3 b6 4. g3 Bb7 5. Bg2 Be7 6. O-O O-O 7. Re1 c5 8. d5
exd5 9. Nh4 Ne4 10. cxd5 Bxh4 11. Bxe4 Bf6 12. Qc2 h6 13. Nc3 d6 14. Bg2 Na6
15. Bf4 Nc7 16. Rad1 Re8 17. a3 Qd7 18. b4 cxb4 19. axb4 Rac8 20. Ne4 Be5 21.
Qb3 Nb5 22. e3 Bc3 23. Nxc3 Rxc3 24. Qb2 Rec8 25. e4 Rc2 26. Qa1 f6 27. Bf1 a6
28. Bxb5 axb5 29. Qa7 Ra8 30. Qxb6 Ra6 31. Qd4 Rc4 32. Qb2 Ra4 33. Rd4 Rc8 34.
Rc1 Raa8 35. Rdd1 Qe7 36. Qd4 g5 37. Be3 Kg7 38. f3 Ra2 39. Rxc8 Bxc8 40. Rc1
Bh3 41. Qb6 Kg6 42. Rc7 Qf8 43. Qxb5 Qa8 44. g4 Rg2+ 45. Kh1 Qa1+ 46. Rc1 Qe5
47. f4 gxf4 48. Qb8 Rxg4 0-1

[Event "EICC 2009 "]
[Site "Budva"]
[Date "2009.03.16"]
[Round "10.83"]
[White "Ekstroem, Roland"]
[Black "Lubczynski, Rafal"]
[Result "1/2-1/2"]
[WhiteElo "2495"]
[BlackElo "2423"]
[PlyCount "63"]
[EventDate "2009.03.06"]

1. e4 d6 2. f4 Nf6 3. Nc3 Bg4 4. Nf3 Nc6 5. Bb5 e6 6. h3 Bxf3 7. Qxf3 d5 8. O-O
Bc5+ 9. Kh1 O-O 10. Bxc6 bxc6 11. d3 Nd7 12. Bd2 f5 13. Rae1 Rb8 14. exf5 exf5
15. b3 Qf6 16. Na4 Bd6 17. Re2 Rfe8 18. Rfe1 Rxe2 19. Qxe2 Nb6 20. Nxb6 axb6
21. c4 d4 22. Qf3 Bf8 23. a4 c5 24. Qd5+ Qf7 25. Qxf7+ Kxf7 26. g4 Re8 27. Rxe8
Kxe8 28. Kg2 g6 29. a5 bxa5 30. Bxa5 Kd7 31. Kf3 Be7 32. gxf5 1/2-1/2